| 000 | 00992nam a22002777a 4500 | ||
|---|---|---|---|
| 999 |
_c61936 _d61936 |
||
| 005 | 20240530110523.0 | ||
| 008 | 160223s2009 ua g 000 0 ara d | ||
| 017 |
_a2009/9542 _bمصر . دار الكتب المصرية |
||
| 020 | _a9789774792021 | ||
| 040 | _aEG-CaGPL | ||
| 082 | 0 | 4 |
_221 _a172.1\ _bر ف |
| 100 | 1 | _aرويس ، جوزايا | |
| 245 | 1 | 0 |
_aفلسفة الولاء / _cتاليف جوزايا رويس ؛ ترجمة احمد الانصارى ؛ مراجعة حسن حنفى |
| 250 | _aط2 | ||
| 260 |
_aالقاهرة : _bالمركز القومى للترجمة ، _c2009 . |
||
| 300 |
_a209 ص ؛ _c24 سم . |
||
| 490 |
_aالمشروع القومى للترجمة ؛ _v2/337 |
||
| 650 | 0 | 4 | _aالولاء |
| 650 | 0 | 4 | _aالسلوك |
| 650 | 0 | 4 | _aالوفاء |
| 650 | 0 | 4 | _aالفلسفة |
| 700 | 0 |
_aاحمد الانصارى _eمترجم |
|
| 700 | 0 |
_aحسن حنفى _eمراجع |
|
| 942 |
_2ddc _cBK |
||